书目信息 |
| 题名: |
李代数
|
|
| 作者: | 万哲先 编著 | |
| 分册: | ||
| 出版信息: | 北京 科学出版社 1964 |
|
| 页数: | 300页 | |
| 开本: | 20cm | |
| 丛书名: | ||
| 单 册: | ||
| 中图分类: | O152.5 | |
| 科图分类: | ||
| 主题词: | 李代数 | |
| 电子资源: | ||
| ISBN: | ||
| 000 | 00567nam0 2200217 45 | |
| 001 | 0178005785 | |
| 005 | 20060815150537.10 | |
| 010 | @dCNY1.20 | |
| 091 | @a13031.819 | |
| 100 | @a19950726e19781964em y0chiy0121 ea | |
| 101 | 0 | @achi |
| 102 | @aCN@b110000 | |
| 105 | @ay z 000yy | |
| 200 | 10 | @a李代数@Ali dai shu@f万哲先编著@Fwan zhe xian bian zhu |
| 210 | @a北京@c科学出版社@d1964@h1978重印 | |
| 215 | @a300页@d20cm | |
| 606 | @a李代数 | |
| 690 | @aO152.5@v3 | |
| 701 | 0 | @a万哲先@Awan zhe xian@4编著 |
| 801 | 0 | @aCN@bTSSF@c20060815 |
| 905 | @a10447@dO152.5@e30 | |
| 李代数/万哲先编著.-北京:科学出版社,1964(1978重印) |
| 300页;20cm |
| ISBN :CNY1.20 |
| ● |
| 相关链接 |
|
|
|
|
正题名:李代数
索取号:O152.5/30
 
预约/预借
| 序号 | 登录号 | 条形码 | 馆藏地/架位号 | 状态 | 备注 |
| 1 | 0420156 | 204201568 | 密集书库/ [索取号:O152.5/30] | 在馆 | |
| 2 | 0420157 | 204201577 | 密集书库/ [索取号:O152.5/30] | 在馆 | |
| 3 | 0420158 | 204201586 | 密集书库/ [索取号:O152.5/30] | 在馆 | |
| 4 | 0420159 | 204201595 | 密集书库/ [索取号:O152.5/30] | 在馆 | |
| 5 | 0420160 | 204201602 | 密集书库/ [索取号:O152.5/30] | 在馆 | |
| 6 | 0420161 | 204201611 | 密集书库/ [索取号:O152.5/30] | 在馆 | |
| 7 | 0420162 | 204201620 | 密集书库/ [索取号:O152.5/30] | 在馆 | |
| 8 | 0420163 | 204201639 | 密集书库/ [索取号:O152.5/30] | 在馆 | |
| 9 | 0420164 | 204201648 | 密集书库/ [索取号:O152.5/30] | 在馆 | |
| 10 | 0420165 | 204201657 | 密集书库/ [索取号:O152.5/30] | 在馆 | |
| 11 | 0420166 | 204201666 | 密集书库/ [索取号:O152.5/30] | 在馆 | |
| 12 | 0420167 | 204201675 | 密集书库/ [索取号:O152.5/30] | 在馆 | |
| 13 | 0420168 | 204201684 | 密集书库/ [索取号:O152.5/30] | 在馆 | |
| 14 | 0420326 | 204203263 | 密集书库/ [索取号:O152.5/30] | 在馆 | |
| 15 | 0420327 | 204203272 | 密集书库/ [索取号:O152.5/30] | 在馆 | |
| 16 | 0420952 | 204209524 | 密集书库/ [索取号:O152.5/30] | 在馆 | |
| 17 | 0420953 | 204209533 | 密集书库/ [索取号:O152.5/30] | 在馆 | |
| 18 | 0420954 | 204209542 | 密集书库/ [索取号:O152.5/30] | 在馆 | |
| 19 | 0461572 | 204615728 | 密集书库/ [索取号:O152.5/30] | 在馆 | |
| 20 | 0461573 | 204615737 | 密集书库/ [索取号:O152.5/30] | 在馆 | |
| 21 | 0461574 | 204615746 | 密集书库/ [索取号:O152.5/30] | 在馆 |